000 00616nam a2200205Ia 4500
003 GCL
005 20240530103906.0
008 140319s9999 xx 000 0 ara d
040 _aGCL /
_cGCL
082 0 4 _aق
_b932
_bا م
100 1 _aاحمد فخرى
245 1 0 _aمصر الفرعونية: موجز تاريخ مصر منذ اقدم العصور /
_cاحمد فخرى
300 _a430 ص
490 _aكتاب
_v0
650 0 4 _aالحضارة الفرعونية
650 0 4 _aالدولة الوسطى
650 0 4 _aالدولة الحديثة
650 0 4 _aعصر الاسرات
942 _2ddc
_cBK
999 _c43262
_d43262